000 00582nam a2200181Ia 4500
008 140609s9999 xx 000 0 und d
020 _a9789810696719
050 _aRC 467
_b.K89 2009
100 _aKramer, Geoffrey P.
245 _aIntroduction to clinical psychology /
_cGeoffrey P. Kramer, Douglas A. Bernstein, Vicky Phares
250 _a7th ed.
260 _aUpper Saddle River, NJ :
_bPearson Prentice Hall,
_cc2009.
300 _a657 p. ;
_c23 cm.
500 _aIncludes bibliographical references and index.
521 _aPSYCH
942 _kFOR
_cBK
999 _c117944
_d117944